Statistiken für Nennen Sie ein gültiges asiatisches Land

Klicken Sie hier um das Quiz zu spielen!

Allgemein

  • Dieses Quiz wurde 5.102 mal gespielt
    (4.670 seit der letzten Aktualisierung)
  • Das Durchschnittsergebnis liegt bei 12 aus 20

Antwortstatistiken

Nennen Sie ein asiatisches Land, welches…Gültige Länder% Korrekt
mindestens 1 Milliarde Einwohner hatIndien | China
97%
auf der arabischen Halbinsel liegtSaudi-Arabien | Jemen | Oman | Katar | Vereinigte Arabische Emirate | Kuwait | Bahrain
96%
am bzw. im Mittelmeer liegtIsrael | Libanon | Syrien | Türkei | Zypern
91%
keine Grenzen zu einem anderen Land hatJapan | Philippinen | Sri Lanka | Taiwan | Bahrain | Malediven | Zypern
77%
weniger als 1 Million Einwohner hatBhutan | Brunei | Malediven
75%
vom Mekong durchflossen wirdChina | Myanmar | Laos | Thailand | Kambodscha | Vietnam
71%
von einem absolutistischen Monarchen beherrscht wirdBrunei | Katar | Oman | Saudi-Arabien
70%
mindestens 3-mal den Asian Cup im Herrenfußball gewonnen hatJapan | Saudi-Arabien | Iran
68%
eine Fläche von weniger als 10.000 km² hatBahrain | Brunei | Malediven | Singapur | Zypern
67%
mindestens einen Achttausender beherbergtChina | Indien | Nepal | Pakistan
58%
von der Wüste Gobi erstreckt wirdMongolei | China
57%
als Mitglied der UN nicht von allen Mitgliedern anerkannt wirdArmenien | Zypern | Nordkorea | Südkorea | China | Israel
56%
in den Top 3 der schnellsten Internetgeschwindigkeiten der Welt vertreten istSingapur | Vereinigte Arabische Emirate
55%
auf dem Äquator liegtIndonesien
52%
kein „N“ und kein „A“ im Namen hatOsttimor | Türkei
51%
an die Andaman-See grenztIndien | Myanmar | Thailand | Malaysia | Indonesien
44%
eine mehrheitlich christliche Bevölkerung hatZypern | Philippinen | Osttimor | Armenien | Georgien
42%
eine Bevölkerungsquote von min. 50% hat, in der unter 3,65 US-Dollar pro Tag verdient wirdBangladesch | Jemen
36%
eine Kinderarbeitsquote von min. 20% hatNepal | Laos
36%
10.000 oder mehr Todesfälle im Jahr durch bewaffnete Konflikte hatMyanmar
24%

Verteilung der Resultate

Perzentil nach korrekt beantworteten Fragen

Anzahl Personen mit jedem Resultat

Ihre Resultats-Entwicklung

Sie haben dieses Quiz seit der letzten Aktualisierung nicht gespielt